=LDR 00000nam 2200000 4500 =001 INLIS000000000017198 =005 20130612112402 =008 ***********************************Ind** =035 ##$$a0010-061300000017198 =041 ##$$a Ind =082 ##$$a 633.88 =090 ##$$a 633.8, Sis p =100 ##$$a Siswanto, Yuli Widyastuti =245 ##$$a Penanganan hasil panen tanaman obat komersial, Yuli Widiyastuti Siswanto =260 ##$$a 21 cm $b Jakarta =300 ##$$a 99 hlm, ilus, 21 cm =650 ##$$a Tanaman Obat =850 ##$$a NBPNMAT =990 ##$$a 21196141/BPAP-NTB/2014 =990 ##$$a 21196142/BPAP-NTB/2014